| 000 | 00825nam a2200169Ia 4500 | ||
|---|---|---|---|
| 008 | 100122s9999 xx 000 0 und d | ||
| 082 |
_b74140 _a923.854 |
||
| 100 | _aबियाणी प्रकाश | ||
| 245 | _aलक्ष्मीनिवास मित्तल- स्टिलकिंगच्या यशाची कहाणी | ||
| 250 | _a1 | ||
| 260 |
_bसाकेत प्रकाशन _c2008 |
||
| 300 | _a112 | ||
| 630 | _aलक्ष्मीनिवास मित्तल- स्टिलकिंगच्या यशाची कहाणी | ||
| 700 | _aदेशपांडे रेणुकादास गं | ||
| 730 | _aलक्ष्मीनिवास मित्तल- स्टिलकिंगच्या यशाची कहाणी | ||
| 942 | _cBOOK | ||
| 999 |
_c390124 _d390121 |
||